Biggest Cities in Ghana on a Map - Statistics

General Stats
  • This quiz has been taken 404 times
  • The average score is 6 of 16
Answers on the Map
Answers color-coded by a green-red scale on the quiz's map according to % correct below.
 
Answer Stats
Population City % Correct
2,070,463 Accra
100%
2,035,064 Kumasi
87%
371,351 Tamale
59%
169,894 Cape Coast
53%
311,206 Takoradi
42%
71,051 Wa
42%
104,532 Ho
41%
139,784 Tema
39%
228,342 Sekondi
33%
120,971 Koforidua
28%
143,644 Obuasi
25%
74,240 Sunyani
25%
73,641 Hohoe
20%
79,832 Madina
17%
190,972 Ashaiman
9%
119,467 Amanfrom
2%
No matching quizzes found
Score Distribution
Percent of People with Each Score
Percentile by Number Answered
Your Score History
You have not taken this quiz